00360nam a2200145Ia 4500008004100000020001500041041001200056082001600068100001600084245004100100260003600141300000800177650001600185700001300201221030s9999 xx 000 0 und d a8173172595 aEnglish a105.23bSin aV. P. Singh 0aDTP Coursecby V. P. Singh, M. Singh bAsia Pub HouseaNew Delhic1999 a533 aBE Computer aM. Singh